| 000 | 00954cam a2200229 4500 | ||
|---|---|---|---|
| 001 | ABS62936 | ||
| 008 | 000000n2000 000 0 eng u | ||
| 035 | _a(Sirsi) u108891 | ||
| 100 | _aChynoweth, P. | ||
| 245 | _aInvalid party wall awards and how to avoid them | ||
| 260 | _c2000 | ||
| 490 |
_aStructural Survey _v18(4) 2000, 168-176(9) |
||
| 520 | _aLooks at reasons for the invalidity of party wall awards. Explains invalidity largely on the basis of an excess of the surveyors' statutory authority, and demonstrates the limits of this authority. Concludes that surveyors should adopt an inquisitive and analytical approach to the scope of their authority to avoid the possibility of invalid awards. References. | ||
| 590 | _aABS | ||
| 650 | _aPARTY WALL AWARDS | ||
| 650 | _aINVALID AWARDS | ||
| 650 | _aSURVEYORS | ||
| 650 | _aJURISDICTION | ||
| 650 | _aPARTY WALL ETC ACT 1996 | ||
| 690 |
_aBoundary disputes _96221 |
||
| 942 | _n0 | ||
| 999 |
_c65009 _d65009 |
||